=LDR 00000nam 2200000 4500 =001 INLIS000000000043913 =005 20200806091214 =035 ##$$a 0010-101300000001835 =008 200806################g##########0#ind## =041 ##$$a ind =082 ##$$a 2X7.3 =090 ##$$a 2X7.3, Sha p =100 ##$$a Shaleh, Abdul Rakhman =245 1#$$a Pendidikan agama dan pembangunan watak bangsa /$c Abdul Rakhman Shaleh =260 ##$$a Jakarta :$b Raja Grafindo Persada,$c 2004 =300 ##$$a xiv, 394 hlm, ; $c 20 x 14 cm. =650 #4$$a Pendidikan Islam =850 ##$$a NBPNMAT =020 ##$$a 979-769-003-2 =084 ##$$a 2X7.3 SHA p =990 ##$$a 21196083/BPAP-NTB/2014 =990 ##$$a 0001/BPAP-NTB/20142015 =990 ##$$a 21196083/BPAP-NTB/2014 =990 ##$$a 16241624 =990 ##$$a 20612018 =990 ##$$a 21196083/BPAP-NTB/2014 =990 ##$$a 0001/BPAP-NTB/20142015 =990 ##$$a 20612019 =990 ##$$a 0001/BPAP-NTB/20142015 =990 ##$$a 20612018 =990 ##$$a 20612017 =990 ##$$a 20612019 =990 ##$$a 20612018